000 00982nam a2200265Ia 4500
003 OSt
005 20221005110737.0
006 a|||||r|||| 00| 0
007 ta
008 221004b |||||||| |||| 00| 0 hin d
020 _a9788126721146 (hbk)
_c250
024 _a12354
037 _bBR8015, 13/03/2014, Rajkamal Prakashan Pvt. Ltd.
_cTextual
040 _aCRL
_cCRL
_bhin
041 _2hin
_ahin
082 _aV2y7M69, 152Q1
100 _aसुधीर चन्द्र
245 0 _aगांधी
_b एक असम्भव सम्भावना
246 _aGāandhī: ek asambhav sambhāvanā
260 _aनई दिल्ली
_bराजकमल प्रकाशन भारत
_c2011
300 _a183पृ0
_ccm.
650 _aविश्व-इतिहास
942 _hV2y7M69, 152Q1
_cTEXL
_2cc
999 _c1019734
_d1019734